How many cities can you name in Copperbelt Province, Zambia? - Statistics

General Stats
  • This quiz has been taken 50 times
  • The average score is 4 of 9
Answer Stats
Population Cities % Correct
501,360 Kitwe
95%
451,276 Ndola
84%
185,246 Chingola
61%
151,309 Mufulira
50%
130,076 Luanshya
47%
24,152 Chambishi
34%
77,818 Chililabombwe
32%
51,863 Kalulushi
32%
14,979 Mpownge
5%
No matching quizzes found
Score Distribution
Percent of People with Each Score
Percentile by Number Answered
Your Score History
You have not taken this quiz